000 00395nam a2200181Ia 4500
001 12456
003 GE_BSU
008 181216s||||||||xx |||||||||||||| ||und||
040 _cGE_BSU
080 _a821.111-312.4
100 _aSands,Lunsay.
245 _aSingle White Vampire.
260 _aLondon.
260 _c2010
300 _a370p;20cm.
653 _aSingle White Vampire.
942 _cBK
999 _c45630
_d45630